000 00625nam a2200241Ia 4500
003 OSt
005 20220918182007.0
006 a|||||r|||| 00| 0
007 ta
008 220917b |||||||| |||| 00| 0 eng d
024 _a29,890
037 _cTextual
040 _aARTS
_cARTS
_beng
041 _2eng
_aeng
082 _aO111,3N06, 4, M3
100 _aNarayan R K
_912238
245 0 _aTiger and Malgudi
260 _aNew Delhi
_bAllied India
_c1983
300 _a176p.
_ccm.
650 _aENGLISH LITERATURE
942 _hO111,3N06, 4, M3
_cTEXL
_2CC
999 _c167507
_d167507